Detalles MARC
| 000 -LEADER |
| fixed length control field |
02877nam a2200433Ii 4500 |
| 001 - CONTROL NUMBER |
| control field |
DIGUDROS0932 |
| 003 - CONTROL NUMBER IDENTIFIER |
| control field |
NyNyDIG |
| 006 - FIXED-LENGTH DATA ELEMENTS--ADDITIONAL MATERIAL CHARACTERISTICS |
| fixed length control field |
m o d |
| 007 - PHYSICAL DESCRIPTION FIXED FIELD--GENERAL INFORMATION |
| fixed length control field |
cr ||||||||||| |
| 008 - FIXED-LENGTH DATA ELEMENTS--GENERAL INFORMATION |
| fixed length control field |
130701s2012 a ck ob 000 0 spa d |
| 020 ## - INTERNATIONAL STANDARD BOOK NUMBER |
| Canceled/invalid ISBN |
9789587382624 |
| 020 ## - INTERNATIONAL STANDARD BOOK NUMBER |
| Canceled/invalid ISBN |
9587382625 |
| 035 ## - SYSTEM CONTROL NUMBER |
| System control number |
(OCoLC)847725901 |
| 040 ## - CATALOGING SOURCE |
| Original cataloging agency |
DGITA |
| Language of cataloging |
eng |
| Description conventions |
pn |
| Transcribing agency |
DGITA |
| 043 ## - GEOGRAPHIC AREA CODE |
| Geographic area code |
s-ck--- |
| 050 14 - LIBRARY OF CONGRESS CALL NUMBER |
| Classification number |
KHH3421 eBook |
| 130 0# - MAIN ENTRY--UNIFORM TITLE |
| Uniform title |
Temas de derecho ambiental (Bogotá, Colombia) |
| 245 10 - TITLE STATEMENT |
| Title |
Temas de derecho ambiental : |
| Remainder of title |
una mirada desde lo públio / |
| Statement of responsibility, etc. |
Gloria Amparo Rodríguez, Iván Andrés Páez Páez, editores académicos. |
| 250 ## - EDITION STATEMENT |
| Edition statement |
1. ed. |
| 264 #1 - PRODUCTION, PUBLICATION, DISTRIBUTION, MANUFACTURE, AND COPYRIGHT NOTICE |
| Place of production, publication, distribution, manufacture |
Bogotá, D.C. : |
| Name of producer, publisher, distributor, manufacturer |
Editorial Universidad del Rosario : |
| -- |
Universidad Colegio Mayor de Nuestra Señora del Rosario, Facultad de Jurisprudencia, |
| Date of production, publication, distribution, manufacture, or copyright notice |
2012. |
| 300 ## - PHYSICAL DESCRIPTION |
| Extent |
1 online resource (xi, 367 pages) |
| 336 ## - CONTENT TYPE |
| Content type term |
text |
| Content type code |
txt |
| Source |
rdacontent |
| 337 ## - MEDIA TYPE |
| Media type term |
computer |
| Media type code |
c |
| Source |
rdamedia |
| 338 ## - CARRIER TYPE |
| Carrier type term |
online resource |
| Carrier type code |
cr |
| Source |
rdacarrier |
| 490 1# - SERIES STATEMENT |
| Series statement |
Textos de jurisprudencia. |
| 504 ## - BIBLIOGRAPHY, ETC. NOTE |
| Bibliography, etc. note |
Includes bibliographical references. |
| 505 0# - FORMATTED CONTENTS NOTE |
| Formatted contents note |
La consagración de los derechos ambientales en las constituciones políticas de Colombia, Ecuador y Bolivia / Gloria Amparo Rodríguez -- Introducción al principio de precaución / Martha Lucía Ovalle Bracho, Zelba Nidia Castro de Pérez -- El ambiente y los servidores públicos : una aproximación desde la responsabilidad y la gestión pública / Luis Adolfo Diazgranados Quimbaya -- Contratación pública e integración de la variable ambiental / Jorge Agudo González -- Ley 1333 de 2009 : muchos problemas, pocas soluciones / Mauricio Rueda Gómez -- Aproximaciones a la problemática de la responsabilidad por daño ambiental en el contexto internacional / Jairo Cabrera Pantoja -- El daño a los bosques naturales : régimen de responsabilidad y derechos humanos / Leonardo Güiza Suárez -- La concesión de aguas superficiales : una mirada desde la tradición dogmática del derecho público / Andrés Gómez Rey -- El espacio público como uno de los componentes del medio ambiente urbano : análisis de su protección judicial vía acciones populares / Giovanni J. Herrera Carrascal -- La gestión integral de residuos hospitalarios y similares en Colombia : introducción al análisis desde la perspectiva del derecho administrativo / Marlybell Ochoa Miranda. |
| 650 #0 - SUBJECT ADDED ENTRY--TOPICAL TERM |
| Topical term or geographic name entry element |
Environmental law |
| Geographic subdivision |
Colombia. |
| 650 #0 - SUBJECT ADDED ENTRY--TOPICAL TERM |
| Topical term or geographic name entry element |
Environmental law. |
| 655 #0 - INDEX TERM--GENRE/FORM |
| Genre/form data or focus term |
Electronic books. |
| 700 1# - ADDED ENTRY--PERSONAL NAME |
| Personal name |
Rodríguez, Gloria Amparo |
| 700 1# - ADDED ENTRY--PERSONAL NAME |
| Personal name |
Páez Páez, Iván Andrés |
| 791 2# - |
| -- |
Digitalia (Firm), |
| -- |
distributor. |
| 793 0# - |
| -- |
Digitalia eBook Collection: |
| -- |
Universidad del Rosario. |
| 830 #0 - SERIES ADDED ENTRY--UNIFORM TITLE |
| Uniform title |
Colección Textos de jurisprudencia. |
| 856 40 - ELECTRONIC LOCATION AND ACCESS |
| Materials specified |
Digitalia Hispánica |
| Uniform Resource Identifier |
<a href="https://www.digitaliapublishing.com/a/18393/">https://www.digitaliapublishing.com/a/18393/</a> |
| 910 ## - USER-OPTION DATA (OCLC) |
| User-option data |
Premium Collection: 2007-2012 |
| 942 ## - ADDED ENTRY ELEMENTS (KOHA) |
| Koha item type |
Recurso Electrónico |